Manual de metodos de fabricacion metalmecanica / Sergio A.Villanueva Pruneda (Registro nro. 24766)
[ vista simple ]
| 000 -LÍDER | |
|---|---|
| fixed length control field | 00443nam a2200145 4500 |
| 020 ## - NÚMERO INTERNACIONAL NORMALIZADO PARA LIBROS | |
| ISBN | 968-463-014-X |
| 050 ## - SIGNATURA TOPOGRAFICA DE LA BIBLIOTECA DEL CONGRESO (LC) | |
| Número de Clasificación | TS183 V55 |
| 082 ## - NUMERO DE CLASIFICACION DECIMAL DEWEY | |
| Número de Clasificación | 621.702 02 V196m |
| 100 ## - ASIENTO PRINCIPAL--NOMBRE PERSONAL | |
| Nombre personal | Villanueva Pruneda Sergio A. |
| 245 ## - TÍTULO | |
| Título | Manual de metodos de fabricacion metalmecanica / Sergio A.Villanueva Pruneda |
| 260 ## - PUBLICACIÓN, DISTRIBUCIÓN, ETC. (PIE DE IMPRENTA) | |
| Lugar de publicación, distribución, etc. | Mexico : ATG |
| 300 ## - DESCRIPCIÓN FÍSICA | |
| Extensión | 269p/30cm. |
| 650 ## - ASIENTO SECUNDARIO DE MATERIA - TERMINO TEMÁTICO | |
| Término temático o nombre geográfico como elemento de entrada | 1.MANUAL DE METODOS DE FABRICACION METALMENCANICA |
| 700 ## - ASIENTO SECUNDARIO - NOMBRE PERSONAL | |
| Nombre personal | l.Ramos Watanave Jorge |
| No. biblioteca | No. biblioteca | Número de clasificación | Código de barras/Número de adquisición | Número de copia | Tipo de material |
|---|---|---|---|---|---|
| LUIS G. INCLAN | LUIS G. INCLAN | 621.702 02 V196m | 9672 | 1 | Libros |
| LUIS G. INCLAN | LUIS G. INCLAN | 621.702 02 V196m | 9674 | 3 | Libros |
| LUIS G. INCLAN | LUIS G. INCLAN | 621.702 02 V196m | 9673 | 2 | Libros |
| LUIS G. INCLAN | LUIS G. INCLAN | 621.702 02 V196m | 17097 | 4 | Libros |
| LUIS G. INCLAN | LUIS G. INCLAN | 621.702 02 V196m | 33831 | 7 | Libros |
